000 00421nam a22001697a 4500
005 20160623153107.0
008 160623b xxu||||| |||| 00| 0 eng d
020 _a978-0-521-00268-4
041 _aeng
082 _b9610
100 _aNaylor, Helen and Murphy Raymond
_92593
245 _aEssential English Grammer
260 _bcombridge Uni. Press
_c2008
300 _a121
650 _aManagement
_9241
942 _cBK
999 _c3699
_d3698